000 00328nam a22001337a 4500
020 _a92-5-103404-4
041 _aENG
100 _aChidley.T.R.E
245 _aComputerized Systems Of Land Eesources Appraisal For Agricultural Development
260 _aRome
_bFAO
_c1993
300 _a245
650 _aFAO
856 _uFAO (01)
999 _c2392
_d2392